| 000 -LEADER |
| fixed length control field |
00516cam a2200145 a 4500 |
| 020 ## - INTERNATIONAL STANDARD BOOK NUMBER |
| ISBN |
9264160647 |
| 040 ## - CATALOGING SOURCE |
| Transcribing agency |
FUG |
| 082 00 - DEWEY DECIMAL CLASSIFICATION NUMBER |
| Classification number |
333 OEC 1998 C163 Or. |
| 245 10 - TITLE STATEMENT |
| Title |
Sustainable management of water in agriculture : |
| Remainder of title |
issues and policies / |
| 260 ## - PUBLICATION, DISTRIBUTION, ETC. (IMPRINT) |
| Place of publication |
Paris : |
| Name of publisher |
OECD, |
| Year of publication |
c1998 |
| 300 ## - PHYSICAL DESCRIPTION |
| Number of Pages |
206 p. : |
| Other physical details |
ill., maps ; |
| Dimensions |
27 cm. |
| 500 ## - GENERAL NOTE |
| General note |
"The Workshop on the Sustainable Management of Water in Agriculture, ... was held in Athens on 3-6 November 1997"--Foreword. |
| 650 #0 - SUBJECT ADDED ENTRY--TOPICAL TERM |
| Topical Term |
Water-supply, Agricultural |
| 942 ## - ADDED ENTRY ELEMENTS (KOHA) |
| Koha item type |
សៀវភៅភាសាអង់គ្លេស |
| 952 ## - LOCATION AND ITEM INFORMATION (KOHA) |
| Withdrawn status [LOCAL, KOHA] |
0 |